000 00392nam a2200181Ia 4500
008 210210b1932 xxu||||| |||| 00| 0 eng d
041 _aeng
082 _a882/54
100 _aSHARMA VISHNU
245 _aPanchatantra IV and V
260 _aBombay
_b-
_c1932
650 _aV
650 _aPanchatantra
650 _aIV
650 _aand
690 _aSanskrit Prose
906 _a024319
999 _c149806
_d149806